000 01426nam a22002417a 4500
005 20100610100954.0
008 100610t xxu||||| |||| 00| 0 hin d
010 _aHIN-89531
020 _c700.00
_a812140262x
035 _aHN-61877
037 _bDBAD / PUB
040 _aDPL
_bHN
082 _a920.09
245 _aप्रह्लाद रामशरणः साहित्य मर्मज्ञ एवं इतिहासवेत्ता /
_cराजेन्द्र सिंह कुशवाहा एवं भवानीलाल भारतीय द्वारा संपादित
246 _aPrahlad Ramsharan: sahitya marmaz evm itihasavetta/
_bedited by Rajender Singh Kushawaha and Bhawanilal Bhartya
260 _aनई दिल्ली
_bनेशनल पब्लिशिंग हाउस
_c2008
270 _a2/35 अंसारी रोड, दरियागंज
_bनई दिल्ली
_e110002
300 _axxvi,553पृ
_c22सेमी (सजिल्द)
700 _aकुशवाहा, राजेन्द्र सिंह
_922985
700 _aभारतीय, भवानीलाल
_922986
942 _2ddc
_cHN
_mप्रह्लाद
_h920.09
999 _c36664
_d36664